000 00532nam a2200193Ia 4500
005 20250923145121.0
008 008 250917s9999 xx 000 0 eng d
037 _aTextual
040 _aDSWL
_beng
_cDSWL
041 _aeng
_2eng
084 _qDSWL
245 0 _aUnited Nations European social welfare seminar Paris 1949
_cby United Nations
260 _aNew York
_b United Nations Publications
_c1950
300 _a43 p.
365 _aUSD
_b0.6
925 _g0.6
942 _cTEXL
999 _c1447336
_d1447336